000 01843cam a22003974i 4500
003 PE-LiUPU
005 20250731173211.0
008 150625s1973 sp r 000 0 spa d
035 _a(Sirsi) a32295
040 _aPE-LiUPU
_bspa
_cPE-LiUPU
_erda
082 0 4 _a222.2
_bI35
_221
100 1 _aIglesias González, Manuel,
_eautor.
245 1 0 _aJosué y Jueces.
264 1 _aMadrid :
_bEdiciones Cristiandad,
_c1973.
300 _a273 páginas ;
_c18 centímetros
336 _atext
_2rdacontent
337 _aunmediated
_2rdamedia
338 _avolume
_2rdacarrier
505 0 _aLos espias del Jordan -- Paso del Jordan -- Conquista de Jerico -- El sacrilegio de Acan -- Conquista de Ay -- Los Gabaonitas -- La campaña del Sur -- La campaña del Norte -- Recapitulación -- Suerte de la tribu de Jose -- Suerte de la tribu de Manases, primogenito de Jose -- Ciudades de registro -- Ciudades leviticas -- El altar de transjordania -- Despedida de Josue -- Renovacion de la alianza -- Campañas de llas tribus -- Liturgia ponitencial -- Otoniel, Ehud, Sangar -- Debora y Barac -- Gedeon y Abimelec -- Jueces Menores -- La confederacion Israelitica -- Toponimos hebreos.
526 _aSEG42
526 _aSEG41
526 _aSEG40
526 _aSEG39
526 _aP94
526 _aP87
526 _aP86
526 _aP85
526 _aP77
526 _aP76
526 _aP35
942 _2ddc
_cBOOK
949 _a222.2 I35
_wDEWEY
_c1
_i39048
_lCCODEBUL1
_mBUL
_p00.00
_r0
_sY
_tBOOK
_u2015-06-25
_xBIBLIOTECA
_zUNKNOWN
_0COMPRA
_o.STAFF. Colección Teología
596 _a1
999 _a222.2 I35
_wDEWEY
_c39931
_i39048
_d39931
_e2018-5-24
_f2021-11-11
_g5
_lCCODEBUL1
_mBUL
_n2
_p30.00
_q3
_r0
_sY
_tBOOK
_u2015-6-25
_xTEOLOGIA
_PP35
_0COMPRA
_o.STAFF. Colección Teología
980 _81
_gALBERTO SANCHEZ Responsable de Automatización